Normal view
MARC view
- 1. Wakhi language--Pakistan--Gilgit-Baltistān. 2. Wakhi language--Social aspects--Pakistan--Gilgit-Baltistān. 3. Sociolinguistics--Pakistan--Gilgit-Baltistān.
Entry Topical Term
001 - CONTROL NUMBER
- control field: 1001
003 - CONTROL NUMBER IDENTIFIER
- control field: NUST
005 - DATE AND TIME OF LATEST TRANSACTION
- control field: 20170517160438.0
008 - FIXED-LENGTH DATA ELEMENTS
- fixed length control field: 170517|| aca||aabn | a|a d
040 ## - CATALOGING SOURCE
- Original cataloging agency: NUST
- Transcribing agency: NUST
150 ## - HEADING--TOPICAL TERM
- Topical term or geographic name entry element: 1. Wakhi language--Pakistan--Gilgit-Baltistān. 2. Wakhi language--Social aspects--Pakistan--Gilgit-Baltistān. 3. Sociolinguistics--Pakistan--Gilgit-Baltistān.
670 ## - SOURCE DATA FOUND
- Source citation: Work cat.: (NUST)24818: Nadeem Shafiq Malik 1000, A sociolinguistic study of Wakhi language of Northern Pakistan, c2014.
